000 00615nam a2200217Ia 4500
005 20241129120231.0
008 241129s9999||||xx |||||||||||||| ||und||
020 _a9788195965687
037 _aTB
040 _aSDCL
_beng
_cSDCL
041 _ahin
_2hin
084 _aV2y7M69:g(Y), R3
_qSDCL
100 _aGandhi Mahatma; Mishr Achyutanand Ed.
_9729483
245 0 _aVichar ka aina: Kala sahitya sanskriti
260 _aNew Delhi
_bLokbharti Prakashan
_c2023
300 _a183p.
365 _aINR
_b695
650 _aReference
942 _cTB
_hV2y7M69:g(Y), R3
999 _c1233928
_d1233928